Normal view
MARC view
Entry Personal Name
001 - CONTROL NUMBER
- control field: 48583
003 - CONTROL NUMBER IDENTIFIER
- control field: OSt
005 - DATE AND TIME OF LATEST TRANSACTION
- control field: 20211105155657.0
008 - FIXED-LENGTH DATA ELEMENTS
- fixed length control field: 211105|| aca||aabn | a|a d
040 ## - CATALOGING SOURCE
- Original cataloging agency: OSt
- Transcribing agency: OSt
100 ## - HEADING--PERSONAL NAME
- Personal name: Remondino, Fabio, ed
670 ## - SOURCE DATA FOUND
- Source citation: Work cat.: (OSt): Remondino, Fabio, ed., Videometrics, Range Imaging, and Applications XIII, 2015